000 02395nam a22003134a 4500
001 493
003 OSt
005 20260129101926.0
008 110919s2011 spb g 000 f por
020 _a9788580440270
040 _bpor
041 1 _apor
_heng
082 0 4 _a813
_bM381f
100 _aMartin, George R. R.,
_d1948-
_91062
240 0 2 _aA clash of kings.
245 1 2 _aA fúria dos reis /
_cGeorge R. R. Martin ; tradução Jorge Candeias.
260 _aSão Paulo :
_bLeya,
_c2011.
300 _a653p. ;
490 1 _a(As crônicas de gelo e fogo ;
_v2).
520 _aDe um dos maiores mestres da fantasia surge um épico magistral, poderoso como você jamais viu...Em 'A fúria dos Reis', o segundo livro da aclamada série As crônicas de gelo e fogo, George R. R. Martin segue a épica aventura nos Sete Reinos, onde muitos perigos e disputas ainda estão por vir. Além dos combates que se estendem por todos os lados, a ameaça agora também chega pelo céu! Mistério, intrigas, romance e aventura encherão as páginas deste livro, agora também um blockbuster da HBO! Quando um cometa vermelho cruza o céu de Westeros, os Sete Reinos estão em plena guerra civil. Os exércitos dos Stark e dos Lannister estão se preparando para o confronto final, e Stannis-irmão do falecido Rei Robert-, desejoso de possuir um exército que lute pela sua reivindicação ao trono, alia-se a uma misteriosa religião oriental. Porém, seu irmão mais novo também se proclama rei. E, enquanto isso, os Greyjoy planejam vingança contra todos os que os humilharam dez anos atrás. Ainda, no distante Leste, poderosos dragões estão prestes a chegar aos Sete Reinos, trazendo fogo e morte...Um perigo de proporções gigantescas, muito maior do que as grandes guerras! Nesta tão esperada sequência de A guerra dos tronos, George R. R. Martin cria uma obra de incrível poder e imaginação. A fúria dos reis nos transporta até um mundo de glória e vingança, de guerras e magia, onde poder e miséria podem se alterar no virar de uma página. Uma obra singular da literatura fantástica.
650 0 0 _aLiteratura Americana
_984
650 0 0 _aFantasia Épica
_9902
650 0 0 _aReinos fictícios
_91065
655 0 _aRomance
_923
655 0 _aFicção
_922
700 _aCandeias, Jorge,
_d1966-
_91064
830 _aAs crônicas de gelo e fogo
_91063
942 _2ddc
_n0
_cBK
999 _c493
_d493